[Event "AUTO-INT-1037"]
[Site "http://www.queenalice.com/game.php?id=463396"]
[Date "2008.9.15"]
[Round "1"]
[White "ricardosf"]
[Black "DMSSwitcher"]
[Result "1-0"]
[WhiteElo "1454"]
[BlackElo "1525"]

1. Nf3 e6 2. d4 Nf6 3. Ne5 d6 4. Nxf7 Kxf7 5. Bg5 d5 6. Bxf6 gxf6 7. Nc3 b6 8.
e4 Rg8 9. exd5 exd5 10. Qh5+ Ke6 11. Qxh7 Rg7 12. Qh3+ Kf7 13. Qh5+ Ke6 14. Nxd5
Rg5 15. Qh6 Bxh6 16. h4 Rxd5 17. g3 c6 18. Bc4 Kd6 19. Bxd5 Kxd5 20. f4 Qe7+ 21.
Kd2 Bg4 22. Rhe1 Qb4+ 23. c3 Qxb2+ 24. Kd3 1-0

[Event "AUTO-INT-1037"]
[Site "http://www.queenalice.com/game.php?id=463397"]
[Date "2008.9.15"]
[Round "1"]
[White "DMSSwitcher"]
[Black "ricardosf"]
[Result "1-0"]
[WhiteElo "1515"]
[BlackElo "1463"]

1. e3 Nf6 2. d4 d5 3. Nc3 Ne4 4. Bd3 Nxc3 5. bxc3 e6 6. Nf3 Nc6 7. Rb1 g5 8. O-O
g4 9. Ne5 Nxe5 10. Bb5+ c6 11. dxe5 cxb5 12. Rxb5 a6 13. Rb3 f6 14. exf6 Qxf6
15. Bb2 Bd6 16. e4 g3 17. fxg3 Qe5 18. c4 dxc4 19. Bxe5 Bxe5 20. Qh5+ Kd7 21.
Rd1+ Kc6 22. Qxe5 h5 23. Qd6# 1-0

[Event "AUTO-INT-1037"]
[Site "http://www.queenalice.com/game.php?id=463408"]
[Date "2008.9.15"]
[Round "1"]
[White "jw16js"]
[Black "DMSSwitcher"]
[Result "1-0"]
[WhiteElo "1505"]
[BlackElo "1568"]

1. e4 Nc6 2. Bd3 e5 3. Nf3 f6 4. a3 Nh6 5. c3 d5 6. Qe2 Bd6 7. exd5 O-O 8. dxc6
bxc6 9. Qe4 f5 10. Qxc6 Bd7 11. Qd5+ Nf7 12. h4 Qf6 13. Ng5 c6 14. Qf3 Qg6 15.
Bc4 f4 16. Bd3 Bf5 17. h5 Qxg5 18. Be2 Nh6 19. Qxc6 Be7 20. Bc4+ Kh8 21. Bd5
Rac8 22. Qa6 f3 23. Bxf3 e4 24. Qe2 exf3 25. Qxf3 Bg4 26. Qe3 Qxe3+ 27. dxe3
Rcd8 28. O-O Rf5 29. Nd2 Be2 30. Re1 Bd3 31. Nb3 Ng4 32. f3 Ne5 33. Nd4 Rg5 34.
Ne6 Nxf3+ 35. Kf2 Nxe1 36. Nxg5 Nc2 37. Ra2 Bxg5 38. b4 Rf8+ 39. Kg3 h6 40. Kg4
Bf5+ 41. Kg3 Bxe3 42. Bxe3 Nxe3 43. Kh2 Be4 44. g3 Nf1+ 45. Kh3 Rf3 46. Rg2 g5
47. Kg4 Ne3+ 48. Kh3 Nxg2 49. Kxg2 Rxc3+ 50. Kh3 Bf3 51. a4 Bxh5 52. b5 Rc4 53.
b6 Bd1 54. a5 Ra4 55. Kg2 axb6 56. axb6 h5 57. b7 Rb4 58. Kf2 1-0

[Event "AUTO-INT-1037"]
[Site "http://www.queenalice.com/game.php?id=463409"]
[Date "2008.9.15"]
[Round "1"]
[White "DMSSwitcher"]
[Black "jw16js"]
[Result "0-1"]
[WhiteElo "1549"]
[BlackElo "1524"]

1. e4 e5 2. Nf3 d6 3. d4 f6 4. dxe5 fxe5 5. Ng5 Be6 6. Nxe6 Qe7 7. Bc4 Nc6 8.
Qd5 Nf6 9. Qb5 Rb8 10. O-O Nxe4 11. Nc3 Nxc3 12. Qb3 Ne4 13. Re1 Nd4 14. Qd3 b5
15. Bd5 Nc5 16. Nxc5 c6 17. Na6 Rb6 18. Nb4 cxd5 19. Nxd5 Qh4 20. Nxb6 axb6 21.
Be3 Ne6 22. Qxb5+ Kf7 23. Bxb6 Qe7 24. Re3 Ng5 25. h4 Ne6 26. g3 g6 27. Rf3+ Kg7
28. Qa4 h5 29. Be3 Nc5 30. Qc4 Qe6 31. Qb5 Qd5 32. Kg2 e4 33. Rf4 Be7 34. c4 Qe5
35. Rd1 Nd3 36. Qxe5+ Nxe5 37. c5 Rd8 38. cxd6 Bxd6 39. Bb6 Nf7 40. Bxd8 Bxf4
41. gxf4 Kf8 42. Ba5 Ke7 43. Rd4 Kf6 44. Rxe4 Nd6 45. Bc3+ Kf5 46. Rd4 Nf7 47.
a4 Ke6 48. a5 Kf5 49. a6 Kg4 50. Rd5 Kxf4 51. a7 Ke4 52. a8=Q Kf4 53. Bd2+ Ke4
54. Rg5+ Kd4 55. Qa7+ Kd3 56. Qd7+ Nd6 57. Qxd6+ Kc2 58. Rg3 Kb1 59. Bb4 g5 60.
Ra3 gxh4 61. Qd1+ Kxb2 0-1

[Event "AUTO-INT-1037"]
[Site "http://www.queenalice.com/game.php?id=463416"]
[Date "2008.9.15"]
[Round "1"]
[White "DMSSwitcher"]
[Black "guilherme_kafifa"]
[Result "0-1"]
[WhiteElo "1532"]
[BlackElo "1506"]

1. d4 d5 2. Nc3 h6 3. h4 Nf6 4. Nf3 Nc6 5. e3 a6 6. Ne5 Qd6 7. a3 Bf5 8. f3 e6
9. Bd3 Bxd3 10. cxd3 Nxe5 11. dxe5 Qxe5 12. d4 Qg3+ 13. Kf1 O-O-O 14. Rh3 Qd6
15. Bd2 g5 16. h5 Ne8 17. Rc1 f5 18. g4 fxg4 19. fxg4 Nf6 20. Na4 Nd7 21. Ba5 b6
22. Be1 b5 23. Bb4 c5 24. Ba5 Re8 25. Nxc5 Kb8 26. Nxd7+ Qxd7 27. Rc7 Qd6 28.
Qc2 Be7 29. Rf3 Rc8 30. a4 Rxc7 31. Bxc7+ Qxc7 32. Qg6 Qc1+ 33. Kg2 Qxb2+ 34.
Rf2 Qc1 35. Qg7 Re8 36. Qe5+ Kb7 37. Qxe6 Qc8 38. Qxd5+ Kb6 39. Rb2 Qc6 40.
Qxc6+ Kxc6 41. axb5+ axb5 42. e4 Ba3 43. Rc2+ Kb6 0-1

[Event "AUTO-INT-1037"]
[Site "http://www.queenalice.com/game.php?id=463417"]
[Date "2008.9.15"]
[Round "1"]
[White "guilherme_kafifa"]
[Black "DMSSwitcher"]
[Result "1-0"]
[WhiteElo "1450"]
[BlackElo "1630"]

1. e4 e5 2. a3 a5 3. Nf3 Nc6 4. Nc3 Bc5 5. Bc4 Qf6 6. O-O Qg6 7. d3 d5 8. Bxd5
Nh6 9. Bxc6+ bxc6 10. Bxh6 gxh6 11. g3 Bh3 12. Nxe5 Qg5 13. Re1 Qxe5 14. Qd2
O-O-O 15. Qxh6 Bg4 16. Qxc6 Qd4 17. Qa8+ Kd7 18. Qd5+ Qxd5 19. Nxd5 Bd4 20. c3
f5 21. cxd4 f4 22. gxf4 Rhg8 23. Nf6+ Ke7 24. Nxg4 Rxd4 25. f3 h5 26. h3 hxg4
27. fxg4 Rxd3 28. Kg2 Rd2+ 29. Kg3 Rd3+ 30. Kh4 Rh8+ 31. Kg5 Rdxh3 32. Rac1 Rg8+
33. Kf5 Rf8+ 34. Ke5 Rf3 35. Rxc7+ Kd8 36. Rec1 R3xf4 37. Rc8+ 1-0

[Event "AUTO-INT-1080"]
[Site "http://www.queenalice.com/game.php?id=482069"]
[Date "2008.10.24"]
[Round "1"]
[White "igorsquash"]
[Black "DMSSwitcher"]
[Result "1-0"]
[WhiteElo "1753"]
[BlackElo "1607"]

1. e4 e5 2. Bc4 Nh6 3. d3 c6 4. Qf3 b5 5. Bb3 f6 6. Bxh6 gxh6 7. Qh5+ Ke7 8. Nf3
Ba6 9. Nxe5 d5 10. Qf7+ Kd6 11. Ng4 Qd7 12. Qxf6+ Kc7 13. Qxh8 Bg7 14. Qxh7 Qxg4
15. O-O Nd7 16. exd5 Nf6 17. h3 Qg5 18. f4 Qg3 19. Qf5 h5 20. Nd2 Rg8 21. Rf3
Bc8 22. Qe5+ Kb7 23. Rxg3 Bxh3 24. Qe7+ Bd7 25. Rxg7 Kc7 26. Qxf6 1-0

[Event "AUTO-INT-1080"]
[Site "http://www.queenalice.com/game.php?id=482070"]
[Date "2008.10.24"]
[Round "1"]
[White "DMSSwitcher"]
[Black "igorsquash"]
[Result "0-1"]
[WhiteElo "1485"]
[BlackElo "1746"]

1. e3 e5 2. Bc4 d5 3. Bb3 g6 4. Nf3 Bg7 5. c4 e4 6. Nd4 Ne7 7. cxd5 Bxd4 8. exd4
Nxd5 9. O-O Be6 10. Qe2 Nf6 11. Bxe6 fxe6 12. Nc3 Qxd4 13. Nb5 Qd8 14. Qc4 Na6
15. Re1 Qd7 16. f3 c6 17. Nd4 b5 18. Qb3 Nc5 19. Qe3 Nd5 20. Qa3 Nd3 21. Rxe4
N3b4 22. Rxe6+ Kd8 23. f4 Nc2 24. Qa5+ Nb6 25. Rb1 Qxd4+ 26. Kh1 Qxf4 27. h3
Qf1+ 28. Kh2 Kd7 29. Qc3 Qf4+ 30. g3 Qf2+ 0-1

[Event "AUTO-INT-1080"]
[Site "http://www.queenalice.com/game.php?id=482083"]
[Date "2008.10.24"]
[Round "1"]
[White "Archer"]
[Black "DMSSwitcher"]
[Result "1-0"]
[WhiteElo "1673"]
[BlackElo "1580"]

1. d4 d5 2. Nc3 e6 3. e4 Bb4 4. Bd2 Bxc3 5. Bxc3 Nf6 6. e5 Ne4 7. Bb4 Nc6 8. c3
Nxb4 9. cxb4 f6 10. f4 O-O 11. Bd3 c5 12. bxc5 f5 13. Bxe4 fxe4 14. Ne2 Bd7 15.
O-O Rf5 16. g4 Rf7 17. g5 h6 18. gxh6 Qh4 19. hxg7 Rxg7+ 20. Ng3 Kf7 21. Rf2 Rh7
22. Qc2 e3 23. Re2 Rg8 24. Rg2 1-0

[Event "AUTO-INT-1080"]
[Site "http://www.queenalice.com/game.php?id=482084"]
[Date "2008.10.24"]
[Round "1"]
[White "DMSSwitcher"]
[Black "Archer"]
[Result "0-1"]
[WhiteElo "1593"]
[BlackElo "1660"]

1. e3 e5 2. Bc4 d5 3. Nc3 dxc4 4. d4 Qe7 5. dxe5 Qxe5 6. f4 Qe6 7. Nf3 Nf6 8.
O-O Bc5 9. Re1 O-O 10. Nd4 Qd6 11. Ndb5 Qxd1 12. Rxd1 Na6 13. Na4 Bg4 14. Re1 h6
15. h3 Bf5 16. g4 Bh7 17. a3 Bxc2 18. Nxc5 Nxc5 19. g5 hxg5 20. fxg5 Nd5 21. Re2
Be4 22. Bd2 a5 23. Nc3 Nxc3 24. Bxc3 b5 0-1

[Event "AUTO-INT-1080"]
[Site "http://www.queenalice.com/game.php?id=482093"]
[Date "2008.10.24"]
[Round "1"]
[White "DMSSwitcher"]
[Black "THEJEGUE"]
[Result "0-1"]
[WhiteElo "1485"]
[BlackElo "1723"]

1. e3 e5 2. d4 e4 3. c4 Bb4+ 4. Bd2 a5 5. Bxb4 axb4 6. b3 Nf6 7. Be2 O-O 8. Nh3
Nc6 9. d5 Na5 10. O-O d6 11. Nf4 Bd7 12. Nd2 Qc8 13. h3 g5 14. Nh5 Nxh5 15. Bxh5
f5 16. a4 h6 17. f4 g4 18. hxg4 fxg4 19. Nxe4 Bf5 20. g3 Bxe4 21. Qd4 Bh7 22.
Rf2 Nxb3 23. Qb2 Nxa1 0-1

[Event "AUTO-INT-1080"]
[Site "http://www.queenalice.com/game.php?id=482094"]
[Date "2008.10.24"]
[Round "1"]
[White "THEJEGUE"]
[Black "DMSSwitcher"]
[Result "1-0"]
[WhiteElo "1715"]
[BlackElo "1506"]

1. e4 e5 2. Nf3 d5 3. d3 d4 4. Nxe5 g6 5. Qf3 f6 6. Nc4 Bb4+ 7. Bd2 Nc6 8. Bxb4
Nxb4 9. Nba3 Ne7 10. Qxf6 Rf8 11. Qg7 c5 12. Ne5 Be6 13. Qxh7 Qa5 14. Ke2 Rf4
15. Nxg6 Nxg6 16. Qxg6+ Ke7 17. Qg5+ Rf6 18. e5 Rg8 19. exf6+ Kf7 20. Qh4 Qd8
21. Qh7+ Kf8 22. Qh6+ Ke8 23. Re1 1-0

[Event "AUTO-INT-940"]
[Site "http://www.queenalice.com/game.php?id=485986"]
[Date "2008.10.31"]
[Round "2"]
[White "DMSSwitcher"]
[Black "markam"]
[Result "0-1"]
[WhiteElo "1605"]
[BlackElo "1706"]

1. e4 c5 2. Nc3 e6 3. d4 cxd4 4. Qxd4 Nc6 5. Qd1 Bb4 6. Bd2 d6 7. Bc4 a6 8. Na4
Bxd2+ 9. Qxd2 b5 10. Bxe6 Bxe6 11. Nf3 bxa4 12. O-O Bg4 13. h3 Bxf3 14. g3 Nf6
15. Qf4 Bxe4 16. Rfe1 O-O 0-1

[Event "AUTO-INT-940"]
[Site "http://www.queenalice.com/game.php?id=485987"]
[Date "2008.10.31"]
[Round "2"]
[White "markam"]
[Black "DMSSwitcher"]
[Result "1-0"]
[WhiteElo "1693"]
[BlackElo "1618"]

1. e4 e5 2. Nf3 Nc6 3. Bb5 Be7 4. Nc3 a6 5. Bxc6 bxc6 6. Nxe5 Bf6 7. Nf3 Bxc3 8.
dxc3 d5 9. e5 f6 10. exf6 Nxf6 11. Bg5 h6 12. Qe2+ Kf7 13. Ne5+ Ke7 14. Nxc6+
Kf7 15. Nxd8+ Kg6 16. Bxf6 1-0

[Event "AUTO-INT-940"]
[Site "http://www.queenalice.com/game.php?id=485988"]
[Date "2008.10.31"]
[Round "2"]
[White "DMSSwitcher"]
[Black "vagner_pirai"]
[Result "0-1"]
[WhiteElo "1529"]
[BlackElo "2045"]

1. e4 c6 2. d4 d5 3. Nc3 dxe4 4. f3 exf3 5. Nxf3 Bg4 6. h3 Bxf3 7. Qxf3 Qxd4 8.
Be3 Qd8 9. Bc4 e6 10. O-O Nd7 11. Ne4 Ngf6 12. Rad1 Qc7 13. Bf4 Qb6+ 14. Nf2 Bc5
15. Rd3 Nd5 16. a3 Bxf2+ 17. Rxf2 Nxf4 18. Qxf4 O-O 19. Rxd7 Rad8 20. Rd3 Rxd3
0-1

[Event "AUTO-INT-940"]
[Site "http://www.queenalice.com/game.php?id=485989"]
[Date "2008.10.31"]
[Round "2"]
[White "vagner_pirai"]
[Black "DMSSwitcher"]
[Result "1-0"]
[WhiteElo "2047"]
[BlackElo "1527"]

1. e4 Nf6 2. e5 Nd5 3. d4 d6 4. c4 Nb4 5. Qa4+ N4c6 6. d5 dxe5 7. dxc6 Nxc6 8.
Nf3 Bd7 9. Qb3 Nd4 10. Nxd4 exd4 11. Qxb7 Rb8 12. Qd5 e6 13. Qxd4 c5 14. Qd1 Be7
15. Bd3 Rb4 16. b3 Bc6 17. O-O Qd4 18. a3 Qxa1 19. axb4 1-0